ATP Tennis Players 2021 - Statistics

General Stats
  • This quiz has been taken 1,259 times
    1,166 since last reset
  • The average score is 50 of 134
Answer Stats
Picture Answer % Correct
Rafael Nadal
99%
Novak Djoković
98%
Roger Federer
95%
Alexander Zverev
93%
Daniil Medvedev
92%
Stefanos Tsitsipas
91%
Gaël Monfils
86%
Andrey Rublev
84%
Dominic Thiem
82%
Stan Wawrinka
82%
Matteo Berrettini
79%
Andy Murray
77%
John Isner
77%
Nick Kyrgios
77%
Grigor Dimitrov
76%
Casper Ruud
74%
Denis Shapovalov
74%
Diego Schwartzman
74%
Jannik Sinner
72%
David Goffin
71%
Fabio Fognini
71%
Kei Nishikori
71%
Taylor Fritz
71%
Jo-Wilfried Tsonga
70%
Marin Čilić
70%
Milos Raonic
70%
Félix Auger-Aliassime
68%
Frances Tiafoe
67%
Hubert Hurkacz
67%
Alex de Minaur
66%
Benoît Paire
66%
Alexander Bublik
65%
Pablo Carreño Busta
65%
Roberto Bautista Agut
65%
Karen Khachanov
62%
Adrian Mannarino
60%
Reilly Opelka
60%
Lorenzo Sonego
58%
Richard Gasquet
57%
Cameron Norrie
55%
Daniel Evans
54%
Ugo Humbert
54%
Yoshihito Nishioka
52%
Alejandro Davidovich Fokina
49%
Mikael Ymer
48%
Lorenzo Musetti
47%
Borna Ćorić
44%
Christian Garin
44%
Feliciano López
44%
Jan-Lennard Struff
43%
Nikoloz Basilashvili
43%
Gilles Simon
41%
Tommy Paul
41%
Albert Ramos Viñolas
38%
Alexei Popyrin
37%
Aslan Karatsev
37%
Kevin Anderson
37%
Lloyd Harris
37%
Márton Fucsovics
37%
Sam Querrey
37%
Dušan Lajović
35%
Fernando Verdasco
34%
Kyle Edmund
34%
Miomir Kecmanović
34%
Pierre-Hugues Herbert
32%
John Millman
30%
Corentin Moutet
29%
Hugo Gaston
29%
Jaume Munar
29%
Jérémy Chardy
29%
Steve Johnson
29%
Federico Delbonis
28%
Vasek Pospisil
28%
Laslo Djere
27%
Tennys Sandgren
27%
Filip Krajinović
26%
Jordan Thompson
26%
Lucas Pouille
25%
Pablo Cuevas
25%
Marcos Giron
23%
Philipp Kohlschreiber
21%
Jiří Veselý
20%
Dominik Koepfer
19%
Federico Coria
19%
Marco Cecchinato
19%
Roberto Carballés Baena
19%
Taro Daniel
19%
Mackenzie McDonald
18%
Radu Albot
18%
Soonwoo Kwon
18%
Arthur Rinderknech
17%
Mikhail Kukushkin
17%
Aljaž Bedene
16%
Brandon Nakashima
16%
João Sousa
16%
Pedro Sousa
16%
Thiago Monteiro
16%
Denis Kudla
15%
Andrej Martin
14%
Dennis Novak
14%
Pablo Andújar
13%
Tallon Griekspoor
13%
Yannick Hanfmann
13%
Andreas Seppi
12%
Benjamin Bonzi
12%
Damir Džumhur
12%
Guido Pella
12%
James Duckworth
12%
Ričardas Berankis
12%
Gianluca Mager
10%
Hugo Dellien
10%
Ilya Ivashka
10%
Pedro Martínez
10%
Salvatore Caruso
10%
Stefano Travaglia
10%
Bernabe Zapata Miralles
9%
Juan Pablo Varillas
9%
Yūichi Sugita
9%
Facundo Bagnis
7%
Gregoire Barrere
7%
Juan Ignacio Londero
7%
Norbert Gombos
7%
Thiago Seyboth Wild
7%
Peter Gojowczyk
6%
Kamil Majchrzak
5%
Antoine Hoang
4%
Evgeny Donskoy
4%
Jurij Rodionov
4%
Yasutaka Uchiyama
4%
Cedrik-Marcel Stebe
3%
Federico Gaio
3%
Jozef Kovalik
3%
Nikola Milojevic
3%
Attila Balázs
2%
No matching quizzes found
Score Distribution
Percent of People with Each Score
Percentile by Number Answered
Your Score History
You have not taken this quiz since the last reset